| 000 | 00689nam a2200217Ii 4500 | ||
|---|---|---|---|
| 003 | JO-AjNU | ||
| 008 | 230605s9999||||xx |||||||||||||| ||und|| | ||
| 020 | _a2-84409-164-4 | ||
| 040 |
_aJO-AjNU _bara _erda _cJO-AjNU |
||
| 041 | _aara | ||
| 050 | 1 | 4 | _aQA76.9.D3.A63512 2001 |
| 100 | 3 |
_aاندرسون ، فرجينيا, _eauthor _930192 |
|
| 245 | 0 | 0 | _aحلول ومشاكل قواعد البيانات,ACCESS |
| 250 | _aط1 | ||
| 264 | 3 | 1 | _aبيروت:الدار العربية للعلوم ، 2004 |
| 300 | _a304ص | ||
| 336 |
_atext _btxt _2rdacontent |
||
| 337 |
_aunmediated _bn _2rdamedia |
||
| 338 |
_avolume _bnc _2rdacarrier |
||
| 650 | 4 |
_aقواعد البيانات _930193 |
|
| 999 |
_aA11940 _c15508 _d15508 |
||